000 01346pam a2200361 a 4500
001 3545912
003 OSt
005 20260129085514.0
008 971209s1998 nhua b 001 0 eng
010 _a 97051626
020 _a0867093943
_qacid-free paper
020 _a9780867093940
_q(acid-free paper)
035 _a3545912
040 _aDLC
_cDLC
_dDLC
050 0 0 _aLB1576
_b.L488 1998
082 0 0 _a428/.007
_221
245 0 0 _aLessons to share on Teaching grammar in context /
_cedited by Constance Weaver.
260 _aPortsmouth, NH :
_bBoynton/Cook,
_cc1998.
300 _avii, 323 p. :
_bill. ;
_c24 cm.
336 _atext
_btxt
_2rdacontent
337 _aunmediated
_bn
_2rdamedia
338 _avolume
_bnc
_2rdacarrier
500 _aSequel to: Teaching grammar in context. c1996.
504 _aIncludes bibliographical references and index.
650 0 _aEnglish language
_xGrammar
_xStudy and teaching.
650 0 _aEnglish language
_xComposition and exercises
_xStudy and teaching.
700 1 _aWeaver, Constance.
700 1 _aWeaver, Constance.
_tTeaching grammar in context.
906 _a7
_bcbc
_corignew
_d1
_eocip
_f19
_gy-gencatlg
942 _2lcc
_cBK
999 _c265792
_d265791